期刊信息 |
| 索取号 |
O1/MATHEM
|
| 题名 |
Mathematical Spectrum
|
| 作者 |
Mathematical Spectrum Editorial Committee
|
| 分册号 |
|
| 分册名 |
|
| 出版地 |
美国
|
| 出版者 |
|
| 标准刊号 |
0025-5653
|
| 出版频率 |
季刊
|
| 中图法分类 |
O1
|
| 主题词 |
数学
|
| 电子资源 | |
| |
|
| 000 | 00469nas0 2200181 45 | |
| 001 | 0639262578 | |
| 005 | 20131118103734.70 | |
| 011 | @a0025-5653 | |
| 100 | @a20060227d km y0chiy0120 ea | |
| 101 | 0 | @aeng |
| 200 | 1 | @aMathematical Spectrum@fMathematical Spectrum Editorial Committee |
| 210 | @a美国 | |
| 326 | @a季刊 | |
| 606 | 0 | @a数学 |
| 690 | @aO1@v4 | |
| 701 | 0 | @aMathematical Spectrum Editorial Committee |
| 801 | 0 | @aCN@bPFT@c20070709 |
| 905 | @aTJWY@dO1@eMATHEM | |
| Mathematical Spectrum/Mathematical Spectrum Editorial Committee.-美国 |
| ISSN 0025-5653 |
| ● |
| 相关链接: |
|
|
|
|